[Event "11. Hogeschool Zeeland Tournament"]
[Site "Vlissingen NED"]
[Date "2007.08.08"]
[Round "6.45"]
[White "Wee, Chu En Kelvin"]
[Black "Soors, Stef"]
[Result "1/2-1/2"]
[WhiteElo "1930"]
[BlackElo "2126"]
[PlyCount "56"]
[EventDate "2007.08.04"]
[EventType "swiss"]
[EventRounds "9"]
[EventCountry "NED"]
[Source "lmi"]
[SourceDate "2007.08.04"]

1. e4 e6 2. d4 d5 3. Nd2 c5 4. exd5 Qxd5 5. Ngf3 cxd4 6. Bc4 Qd6 7. O-O Nf6 8.
Nb3 Nc6 9. Nbxd4 Nxd4 10. Nxd4 a6 11. Bb3 Qc7 12. Re1 Bd6 13. h3 O-O 14. Bg5
Bh2+ 15. Kh1 Be5 16. c3 Rd8 17. Qf3 h6 18. Bh4 Bd7 19. Rad1 Be8 20. Re2 Bc6 21.
Nxc6 Rxd1+ 22. Bxd1 bxc6 23. Bxf6 Bxf6 24. Bc2 Rd8 25. Qe4 Qb6 26. Bd3 a5 27.
g3 Qc5 28. Bc4 Kf8 1/2-1/2

[Event "11. Hogeschool Zeeland Tournament"]
[Site "Vlissingen NED"]
[Date "2007.08.08"]
[Round "6.47"]
[White "Mentink, Toon"]
[Black "Verlinde, Tieme"]
[Result "0-1"]
[WhiteElo "1776"]
[BlackElo "2116"]
[PlyCount "86"]
[EventDate "2007.08.04"]
[EventType "swiss"]
[EventRounds "9"]
[EventCountry "NED"]
[Source "lmi"]
[SourceDate "2007.08.04"]

1. Nf3 Nf6 2. g3 g6 3. Bg2 d5 4. d3 Bg7 5. O-O O-O 6. Nbd2 c5 7. c4 Nc6 8. cxd5
Nxd5 9. Qa4 e5 10. Ne4 Nb6 11. Qd1 Qe7 12. Bg5 f6 13. Be3 Nd4 14. Rc1 Nd7 15.
Bxd4 cxd4 16. Rc7 Qe6 17. Qa4 h6 18. Rfc1 Nb6 19. Qa5 f5 20. Nc5 Qf6 21. Nd2 e4
22. Nxb7 e3 23. fxe3 dxe3 24. Nc4 Nxc4 25. Bd5+ Kh8 26. R7xc4 Qxb2 27. R4c2 Qe5
28. Nd8 Bd7 29. Nc6 Bxc6 30. Rxc6 Rad8 31. R6c5 Qb2 32. Qe1 f4 33. gxf4 Rxf4
34. Rc8 Rff8 35. Rxd8 Rxd8 36. Bc4 Rf8 37. Rb1 Qe5 38. Qg3 Qh5 39. Rb8 Qxe2 40.
Rxf8+ Bxf8 41. Qxg6 Qf2+ 42. Kh1 Qf1+ 43. Qg1 e2 0-1

[Event "11. Hogeschool Zeeland Tournament"]
[Site "Vlissingen NED"]
[Date "2007.08.09"]
[Round "7.3"]
[White "Romanishin, Oleg M"]
[Black "Stellwagen, Daniel"]
[Result "1/2-1/2"]
[PlyCount "47"]
[EventDate "2007.08.04"]
[EventType "swiss"]
[EventRounds "9"]
[EventCountry "NED"]
[Source "lmi"]
[SourceDate "2007.08.04"]
[WhiteElo "2546"]
[BlackElo "2631"]

1. d4 d5 2. Nf3 Nf6 3. c4 c6 4. Nc3 e6 5. g3 dxc4 6. Bg2 Nbd7 7. O-O b5 8. Bg5
Bb7 9. a4 Qb6 10. Ne5 a6 11. Nxd7 Nxd7 12. e4 e5 13. Be3 Qc7 14. axb5 cxb5 15.
dxe5 Nxe5 16. Nd5 Bxd5 17. Qxd5 Rd8 18. Bb6 Qxb6 19. Qxe5+ Be7 20. Qxg7 Bf6 21.
Qh6 Rd6 22. Rad1 Bd4 23. Qf4 Qc5 24. e5 1/2-1/2

[Event "11. Hogeschool Zeeland Tournament"]
[Site "Vlissingen NED"]
[Date "2007.08.09"]
[Round "7.4"]
[White "Appel, Ralf"]
[Black "Flores, Diego"]
[Result "1-0"]
[PlyCount "83"]
[EventDate "2007.08.04"]
[EventType "swiss"]
[EventRounds "9"]
[EventCountry "NED"]
[Source "lmi"]
[SourceDate "2007.08.04"]
[WhiteElo "2512"]
[BlackElo "2560"]

1. d4 d6 2. Nf3 Nf6 3. Bf4 Nh5 4. Bd2 g6 5. c4 Bg7 6. Bc3 O-O 7. e3 Nd7 8. Be2
f5 9. d5 Ndf6 10. Nbd2 c5 11. O-O Qe8 12. a3 Bh6 13. b4 b6 14. Bd3 g5 15. Qc2
Ng7 16. Rfe1 Qh5 17. Nf1 Nfe8 18. bxc5 bxc5 19. Rab1 g4 20. N3d2 Nf6 21. e4
fxe4 22. Nxe4 Nxe4 23. Bxe4 Bf4 24. Ng3 Qh6 25. Bd3 Rf7 26. Re2 Bf5 27. Rb7
Bxg3 28. hxg3 Bxd3 29. Qxd3 Nf5 30. Rb1 Raf8 31. Re6 Qh5 32. Qe2 Qg5 33. Re4 h5
34. Qd3 Rh7 35. Rf4 Rhf7 36. Re1 h4 37. Ree4 Nh6 38. Re6 Nf5 39. Qe4 hxg3 40.
fxg3 Nxg3 41. Rg6+ Kh7 42. Rg7+ 1-0

[Event "11. Hogeschool Zeeland Tournament"]
[Site "Vlissingen NED"]
[Date "2007.08.09"]
[Round "7.5"]
[White "Barua, Dibyendu"]
[Black "Ikonnikov, Vyacheslav"]
[Result "1-0"]
[PlyCount "77"]
[EventDate "2007.08.04"]
[EventType "swiss"]
[EventRounds "9"]
[EventCountry "NED"]
[Source "lmi"]
[SourceDate "2007.08.04"]
[WhiteElo "2462"]
[BlackElo "2558"]

1. e4 c5 2. Nf3 Nc6 3. d4 cxd4 4. Nxd4 e5 5. Nb5 d6 6. N1c3 a6 7. Na3 Be7 8.
Nc4 b5 9. Ne3 Nf6 10. g3 b4 11. Ncd5 Nxd5 12. Nxd5 Be6 13. a3 bxa3 14. Rxa3 O-O
15. Bxa6 Bxd5 16. exd5 Qb6 17. Bd3 Rxa3 18. bxa3 Nd4 19. O-O Qc5 20. c4 f5 21.
Be3 Qxa3 22. Bxd4 exd4 23. Qe2 Bd8 24. Rb1 f4 25. gxf4 Kh8 26. Qe4 g6 27. Rb7
Qa1+ 28. Kg2 Rg8 29. c5 Bf6 30. c6 Bg7 31. Qe6 Qa8 32. Rd7 Qf8 33. Qf7 Qa8 34.
c7 Qc8 35. h3 Qa8 36. Kh2 Qa2 37. Qxg8+ Kxg8 38. c8=Q+ Bf8 39. Qc2 1-0

[Event "11. Hogeschool Zeeland Tournament"]
[Site "Vlissingen NED"]
[Date "2007.08.09"]
[Round "7.6"]
[White "Van Haastert, Edwin"]
[Black "Peralta, Fernando"]
[Result "1/2-1/2"]
[PlyCount "34"]
[EventDate "2007.08.04"]
[EventType "swiss"]
[EventRounds "9"]
[EventCountry "NED"]
[Source "lmi"]
[SourceDate "2007.08.04"]
[WhiteElo "2408"]
[BlackElo "2546"]

1. e4 d6 2. d4 Nf6 3. Nc3 g6 4. f4 Bg7 5. Nf3 O-O 6. Bd3 Na6 7. O-O c5 8. d5
Bg4 9. Kh1 Rb8 10. a3 Nc7 11. Qe1 Bxf3 12. Rxf3 e6 13. dxe6 fxe6 14. f5 Nd7 15.
Bf4 Ne5 16. Bxe5 Bxe5 17. Qf2 Qe7 1/2-1/2

[Event "11. Hogeschool Zeeland Tournament"]
[Site "Vlissingen NED"]
[Date "2007.08.09"]
[Round "7.7"]
[White "Delemarre, Jop"]
[Black "Zaragatski, Ilja"]
[Result "1-0"]
[PlyCount "79"]
[EventDate "2007.08.04"]
[EventType "swiss"]
[EventRounds "9"]
[EventCountry "NED"]
[Source "lmi"]
[SourceDate "2007.08.04"]
[WhiteElo "2457"]
[BlackElo "2480"]

1. d4 d5 2. c4 Nc6 3. Nf3 e5 4. dxe5 Bb4+ 5. Bd2 dxc4 6. e3 Be6 7. Qa4 Bxd2+ 8.
Nbxd2 a6 9. Nd4 b5 10. Nxc6 Qd7 11. Nb8 Qc8 12. Qa5 Qxb8 13. b3 c6 14. Qc3 Ne7
15. bxc4 O-O 16. Rb1 Ng6 17. f4 Qa7 18. Be2 f6 19. g4 bxc4 20. O-O Bd5 21. Rf2
fxe5 22. f5 Ne7 23. e4 Bf7 24. Qxe5 Rae8 25. Qc3 Nd5 26. Qf3 c3 27. Nc4 Qd4 28.
Nd6 c2 29. Rc1 Qd2 30. Qa3 Nf4 31. Bf1 Qd4 32. Rcxc2 Rd8 33. Rcd2 Qe5 34. Nxf7
Kxf7 35. Qb3+ Kf6 36. g5+ Ke7 37. Qb7+ Ke8 38. Rxd8+ Kxd8 39. Rd2+ Nd5 40. Qxc6
1-0

[Event "11. Hogeschool Zeeland Tournament"]
[Site "Vlissingen NED"]
[Date "2007.08.09"]
[Round "7.8"]
[White "Kasimdzhanov, Rustam"]
[Black "Miedema, Roi"]
[Result "1-0"]
[PlyCount "83"]
[EventDate "2007.08.04"]
[EventType "swiss"]
[EventRounds "9"]
[EventCountry "NED"]
[Source "lmi"]
[SourceDate "2007.08.04"]
[WhiteElo "2683"]
[BlackElo "2271"]

1. e4 e5 2. Nf3 Nf6 3. Nxe5 d6 4. Nf3 Nxe4 5. Nc3 Nxc3 6. dxc3 Be7 7. Bf4 Nd7
8. Qd2 Nc5 9. O-O-O Bg4 10. Be2 O-O 11. h3 Bh5 12. Be3 Ne6 13. g4 Bg6 14. h4
Be4 15. Rh3 c5 16. c4 Qe8 17. Ng5 Bxg5 18. hxg5 Qa4 19. a3 Rfd8 20. f3 Bg6 21.
f4 Be4 22. f5 Nf8 23. Qc3 Rac8 24. Bg1 d5 25. cxd5 Rxd5 26. Rxd5 Bxd5 27. Re3
b5 28. Qd2 Ba8 29. Re7 a5 30. Qd6 b4 31. b3 Qxa3+ 32. Kb1 a4 33. Bc4 axb3 34.
Bxf7+ Kh8 35. Bxb3 Be4 36. Rxe4 Ra8 37. Qe5 Nd7 38. Qb2 Qa6 39. Be3 Qe2 40.
Qxg7+ Kxg7 41. Bd4+ cxd4 42. Rxe2 1-0

[Event "11. Hogeschool Zeeland Tournament"]
[Site "Vlissingen NED"]
[Date "2007.08.09"]
[Round "7.10"]
[White "De Jong, Migchiel"]
[Black "Leenhouts, Koen"]
[Result "1-0"]
[PlyCount "103"]
[EventDate "2007.08.04"]
[EventType "swiss"]
[EventRounds "9"]
[EventCountry "NED"]
[Source "lmi"]
[SourceDate "2007.08.04"]
[WhiteElo "2286"]
[BlackElo "2395"]

1. e4 g6 2. d4 Bg7 3. c4 d6 4. Nc3 Nf6 5. f4 O-O 6. Nf3 c5 7. dxc5 Qa5 8. Bd3
Qxc5 9. Qe2 Nc6 10. Be3 Qa5 11. O-O Bg4 12. Rac1 Rac8 13. a3 e5 14. f5 gxf5 15.
exf5 e4 16. Nxe4 Nxe4 17. Bxe4 Rfe8 18. Qd3 Bxf3 19. gxf3 Bxb2 20. Rc2 Qxa3 21.
Rg2+ Kf8 22. f6 Re6 23. Bxh7 Ke8 24. Qxa3 Bxa3 25. Bf5 Kd7 26. Rg7 Rf8 27. Rb1
b6 28. h4 Bc5 29. Bxc5 dxc5 30. Re1 Kd6 31. Bxe6 fxe6 32. Rd1+ Nd4 33. Rxa7
Rxf6 34. h5 Kc6 35. Kg2 Rh6 36. Rh1 Nf5 37. f4 Ne3+ 38. Kf3 Nxc4 39. Kg4 Ne3+
40. Kg5 Nf5 41. Rf7 Rh8 42. h6 c4 43. h7 b5 44. Re1 Nd4 45. Kf6 c3 46. Kg7
Rxh7+ 47. Kxh7 b4 48. Rf8 c2 49. Rc8+ Kb5 50. Re5+ Kb6 51. Re4 Nc6 52. Rc4 1-0

[Event "11. Hogeschool Zeeland Tournament"]
[Site "Vlissingen NED"]
[Date "2007.08.09"]
[Round "7.14"]
[White "Piasetski, Leon"]
[Black "Dhar-Barua, Saheli"]
[Result "1-0"]
[PlyCount "81"]
[EventDate "2007.08.04"]
[EventType "swiss"]
[EventRounds "9"]
[EventCountry "NED"]
[Source "lmi"]
[SourceDate "2007.08.04"]
[WhiteElo "2307"]
[BlackElo "2142"]

1. Nf3 f5 2. g3 Nf6 3. Bg2 g6 4. O-O Bg7 5. d4 d6 6. c3 c6 7. Nbd2 O-O 8. Qb3+
Kh8 9. Re1 Ne4 10. Nxe4 fxe4 11. Ng5 d5 12. f3 e5 13. fxe4 exd4 14. exd5 dxc3
15. bxc3 Qb6+ 16. Qxb6 axb6 17. Bd2 h6 18. Nf3 cxd5 19. Nh4 Rd8 20. Nxg6+ Kh7
21. Nf4 d4 22. Be4+ Kg8 23. c4 Nc6 24. Bd3 Ne5 25. Reb1 Ra6 26. Bb4 Nxd3 27.
exd3 Bf5 28. Re1 Rda8 29. a3 Bf8 30. Bxf8 Kxf8 31. Re5 Bh7 32. Rd5 Rxa3 33.
Rxa3 Rxa3 34. Rxd4 Ke7 35. Rd5 Ra2 36. Rh5 Rb2 37. Rxh6 Bf5 38. h3 b5 39. Rb6
b4 40. g4 Bc8 41. Rxb4 1-0

[Event "11. Hogeschool Zeeland Tournament"]
[Site "Vlissingen NED"]
[Date "2007.08.09"]
[Round "7.15"]
[White "Tiggelman, Rene"]
[Black "Maenhout, Thibaut"]
[Result "1-0"]
[PlyCount "89"]
[EventDate "2007.08.04"]
[EventType "swiss"]
[EventRounds "9"]
[EventCountry "NED"]
[Source "lmi"]
[SourceDate "2007.08.04"]
[WhiteElo "2210"]
[BlackElo "2302"]

1. d4 d5 2. Nf3 Nf6 3. c4 dxc4 4. e3 e6 5. Bxc4 c5 6. O-O a6 7. dxc5 Qxd1 8.
Rxd1 Bxc5 9. Nbd2 b6 10. Be2 Bb7 11. Nc4 Bd5 12. Nfe5 Nbd7 13. Nxd7 Nxd7 14.
Bd2 O-O 15. Be1 Rfd8 16. e4 Bxc4 17. Bxc4 b5 18. Be2 Bb6 19. a4 bxa4 20. Rxa4
Nc5 21. Rxd8+ Rxd8 22. Ra3 g6 23. b4 Nxe4 24. Rxa6 Bd4 25. Bf3 Bc3 26. Bxc3
Nxc3 27. Rc6 Nd5 28. b5 Kf8 29. b6 Rb8 30. Bxd5 exd5 31. Kf1 Ke8 32. Ke2 Rb7
33. g4 h6 34. h4 Kd7 35. Rf6 Ke7 36. g5 hxg5 37. hxg5 d4 38. Kd3 Rd7 39. Rc6
Rd5 40. f4 Kd7 41. Rc7+ Ke6 42. Kc4 Rd6 43. b7 Rb6 44. Kc5 Rb1 45. Rc6+ 1-0

[Event "11. Hogeschool Zeeland Tournament"]
[Site "Vlissingen NED"]
[Date "2007.08.09"]
[Round "7.16"]
[White "Piceu, Tom"]
[Black "Rosmuller, Anton"]
[Result "1/2-1/2"]
[PlyCount "79"]
[EventDate "2007.08.04"]
[EventType "swiss"]
[EventRounds "9"]
[EventCountry "NED"]
[Source "lmi"]
[SourceDate "2007.08.04"]
[WhiteElo "2350"]
[BlackElo "2114"]

1. d4 Nf6 2. c4 e6 3. Bg5 c5 4. d5 exd5 5. cxd5 h6 6. Bxf6 Qxf6 7. Nc3 a6 8. a4
d6 9. e4 Nd7 10. Bd3 g6 11. Nge2 Bg7 12. O-O O-O 13. f4 Qd8 14. e5 dxe5 15. f5
c4 16. Bxc4 gxf5 17. Ng3 Nb6 18. Bb3 f4 19. Nge4 Bf5 20. a5 Nd7 21. d6 b6 22.
Qh5 Bh7 23. g3 bxa5 24. Bd5 Rb8 25. gxf4 exf4 26. Rxf4 Kh8 27. Rxf7 Rxf7 28.
Qxf7 Be5 29. Qf2 Rb4 30. Rd1 Bg8 31. Kh1 Qb6 32. Qh4 Rxb2 33. Qxh6+ Bh7 34. Rd2
Bxc3 35. Nxc3 Rxd2 36. Qxd2 Qxd6 37. Qd4+ Qe5 38. Qxe5+ Nxe5 39. Kg2 Bc2 40.
Kf2 1/2-1/2

[Event "11. Hogeschool Zeeland Tournament"]
[Site "Vlissingen NED"]
[Date "2007.08.09"]
[Round "7.18"]
[White "In 't Veld, Daan"]
[Black "Pg, Mohd Omar Ak Hirawa"]
[Result "0-1"]
[PlyCount "58"]
[EventDate "2007.08.04"]
[EventType "swiss"]
[EventRounds "9"]
[EventCountry "NED"]
[Source "lmi"]
[SourceDate "2007.08.04"]
[WhiteElo "2161"]
[BlackElo "2344"]

1. e4 c5 2. Nf3 Nc6 3. d4 cxd4 4. Nxd4 Nf6 5. Nc3 d6 6. Be2 e5 7. Nf3 h6 8. O-O
Be7 9. Re1 O-O 10. h3 a6 11. a4 Be6 12. Bf1 Nb8 13. Nd5 Nxd5 14. exd5 Bf5 15.
a5 Nd7 16. c4 Bg6 17. b4 Rc8 18. Qb3 e4 19. Nd2 f5 20. f3 Bg5 21. fxe4 fxe4 22.
Qd1 Bf6 23. Ra2 Bd4+ 24. Kh1 Qf6 25. Nb3 Bc3 26. Bd2 Be5 27. Be2 Qh4 28. Be3
Qg3 29. Bg1 Rf2 0-1

[Event "11. Hogeschool Zeeland Tournament"]
[Site "Vlissingen NED"]
[Date "2007.08.09"]
[Round "7.19"]
[White "Van Dooren, Dirk"]
[Black "De Wolf, Johan"]
[Result "1-0"]
[PlyCount "111"]
[EventDate "2007.08.04"]
[EventType "swiss"]
[EventRounds "9"]
[EventCountry "NED"]
[Source "lmi"]
[SourceDate "2007.08.04"]
[WhiteElo "2331"]
[BlackElo "2162"]

1. f4 d5 2. Nf3 g6 3. e3 Bg7 4. Be2 c6 5. O-O Nh6 6. Nc3 Qb6 7. b3 O-O 8. Bb2
f6 9. Na4 Qd8 10. d3 Na6 11. Qd2 b5 12. Nc3 e5 13. e4 Qb6+ 14. Kh1 Ng4 15. d4
dxe4 16. Nxe4 exf4 17. Qxf4 Bf5 18. Nd6 Bh6 19. Qg3 Ne3 20. Nxf5 Nxf5 21. Qh3
Bg7 22. Bd3 Nh6 23. a3 Nc7 24. Rae1 Nf7 25. Re4 Nd5 26. Bc1 f5 27. Rh4 Nf6 28.
Ne5 Rae8 29. Rxh7 Nxh7 30. Nxg6 Nfg5 31. Qh5 Ne4 32. Nxf8 Rxf8 33. Be3 Qc7 34.
Rxf5 Rxf5 35. Qxf5 Nef6 36. g4 Qe7 37. Bf4 Qe1+ 38. Kg2 Nf8 39. c4 bxc4 40.
bxc4 Qd1 41. h3 Qb3 42. g5 N6d7 43. d5 cxd5 44. cxd5 Nc5 45. Bc2 Qa2 46. g6 Qc4
47. Be3 Ncd7 48. d6 Ne5 49. Bf2 Nfxg6 50. Be4 Qa2 51. d7 Nh4+ 52. Kh1 Qa1+ 53.
Bg1 Nxf5 54. d8=Q+ Bf8 55. Qd5+ Nf7 56. Qxf5 1-0

[Event "11. Hogeschool Zeeland Tournament"]
[Site "Vlissingen NED"]
[Date "2007.08.09"]
[Round "7.20"]
[White "Shrentzel, Mordechai"]
[Black "Van Weersel, Arlette"]
[Result "1/2-1/2"]
[PlyCount "32"]
[EventDate "2007.08.04"]
[EventType "swiss"]
[EventRounds "9"]
[EventCountry "NED"]
[Source "lmi"]
[SourceDate "2007.08.04"]
[WhiteElo "2322"]
[BlackElo "2158"]

1. e4 e5 2. Nf3 Nc6 3. d4 exd4 4. Nxd4 Bc5 5. Be3 Qf6 6. c3 Nge7 7. g3 h5 8. h3
h4 9. g4 Ng6 10. Qd2 Nce5 11. Be2 Bxd4 12. cxd4 Nf3+ 13. Bxf3 Qxf3 14. Rh2 Qxe4
15. Nc3 Qf3 16. Nb5 Qc6 1/2-1/2

[Event "11. Hogeschool Zeeland Tournament"]
[Site "Vlissingen NED"]
[Date "2007.08.09"]
[Round "7.21"]
[White "Kuipers, Stefan"]
[Black "Grochal, Joey"]
[Result "1/2-1/2"]
[PlyCount "61"]
[EventDate "2007.08.04"]
[EventType "swiss"]
[EventRounds "9"]
[EventCountry "NED"]
[Source "lmi"]
[SourceDate "2007.08.04"]
[WhiteElo "2245"]
[BlackElo "2152"]

1. e4 c5 2. Nf3 Nc6 3. d4 cxd4 4. Nxd4 Nf6 5. Nc3 e5 6. Ndb5 d6 7. Bg5 a6 8.
Na3 b5 9. Bxf6 gxf6 10. Nd5 Bg7 11. c3 f5 12. exf5 Bxf5 13. Nc2 O-O 14. Nce3
Be6 15. Bd3 f5 16. Qh5 e4 17. Bc2 Ne7 18. Rd1 Ng6 19. g4 Nh4 20. gxf5 Bxf5 21.
Nxf5 Rxf5 22. Qg4 h5 23. Qh3 Re5 24. Bb3 Kh7 25. Ne3 Qf6 26. Rd5 Rf8 27. Qg3
Bh6 28. Rxe5 Nf3+ 29. Ke2 Nxe5 30. Bc2 Nd3 31. Bxd3 1/2-1/2

[Event "11. Hogeschool Zeeland Tournament"]
[Site "Vlissingen NED"]
[Date "2007.08.09"]
[Round "7.22"]
[White "Weimann, Maximilian"]
[Black "Struk, Jerzy"]
[Result "0-1"]
[PlyCount "48"]
[EventDate "2007.08.04"]
[EventType "swiss"]
[EventRounds "9"]
[EventCountry "NED"]
[Source "lmi"]
[SourceDate "2007.08.04"]
[WhiteElo "2143"]
[BlackElo "2240"]

1. e4 c5 2. Nf3 Nc6 3. Nc3 e5 4. Bc4 Be7 5. d3 Nf6 6. a3 d6 7. h3 O-O 8. O-O a6
9. Nd5 Nxd5 10. Bxd5 Kh8 11. c3 f5 12. d4 fxe4 13. Bxe4 d5 14. Bc2 e4 15. Ne5
cxd4 16. cxd4 Nxe5 17. dxe5 Bc5 18. b4 Bb6 19. Bb2 Qh4 20. Bd4 Bxd4 21. Qxd4
Bxh3 22. Qe3 Bxg2 23. Kxg2 Rf3 24. Qd2 Qg4+ 0-1

[Event "11. Hogeschool Zeeland Tournament"]
[Site "Vlissingen NED"]
[Date "2007.08.09"]
[Round "7.23"]
[White "Verlinde, Tieme"]
[Black "Steenbekkers, Franck"]
[Result "1/2-1/2"]
[PlyCount "49"]
[EventDate "2007.08.04"]
[EventType "swiss"]
[EventRounds "9"]
[EventCountry "NED"]
[Source "lmi"]
[SourceDate "2007.08.04"]
[WhiteElo "2116"]
[BlackElo "2228"]

1. e4 e6 2. d3 c5 3. g3 g6 4. Bg2 Nc6 5. Nf3 Bg7 6. O-O Nge7 7. c3 O-O 8. Be3
b6 9. d4 cxd4 10. cxd4 d5 11. e5 Nf5 12. Bg5 f6 13. exf6 Bxf6 14. Be3 Bd7 15.
Qd2 Rc8 16. Nc3 Qe7 17. Rfe1 Na5 18. b3 Nc6 19. Rac1 Qb4 20. Red1 Bg7 21. Qd3
Qe7 22. Bg5 Qb4 23. Be3 Qe7 24. Bg5 Qb4 25. Be3 1/2-1/2

[Event "11. Hogeschool Zeeland Tournament"]
[Site "Vlissingen NED"]
[Date "2007.08.09"]
[Round "7.25"]
[White "Muter, Donny"]
[Black "Van Gool, Henk"]
[Result "1-0"]
[PlyCount "79"]
[EventDate "2007.08.04"]
[EventType "swiss"]
[EventRounds "9"]
[EventCountry "NED"]
[Source "lmi"]
[SourceDate "2007.08.04"]
[WhiteElo "2212"]
[BlackElo "2149"]

1. d4 Nf6 2. Nf3 e6 3. c4 d5 4. Nc3 Nbd7 5. Bg5 Be7 6. e3 O-O 7. Qc2 c6 8. cxd5
exd5 9. Bd3 Re8 10. O-O Nf8 11. Rab1 a5 12. Bxf6 Bxf6 13. a3 Bg4 14. Nd2 Qd6
15. Na4 Bd8 16. Rfe1 Qh6 17. Nf1 Re7 18. b4 axb4 19. axb4 b6 20. Nc3 Rea7 21.
b5 Bd7 22. Bf5 Qd6 23. Bxd7 Qxd7 24. Rec1 c5 25. dxc5 bxc5 26. e4 d4 27. Nd5
Ne6 28. Rb3 Ra2 29. Qd3 Qb7 30. f4 f5 31. Ng3 g6 32. b6 Kh8 33. Qf3 Ra1 34.
Rbb1 Rxb1 35. Rxb1 fxe4 36. Qxe4 Ng7 37. f5 gxf5 38. Nxf5 Bg5 39. Nd6 Qd7 40.
Nf6 1-0

[Event "11. Hogeschool Zeeland Tournament"]
[Site "Vlissingen NED"]
[Date "2007.08.09"]
[Round "7.31"]
[White "Sengupta, Deep"]
[Black "Sonder, Peter"]
[Result "1-0"]
[PlyCount "73"]
[EventDate "2007.08.04"]
[EventType "swiss"]
[EventRounds "9"]
[EventCountry "NED"]
[Source "lmi"]
[SourceDate "2007.08.04"]
[WhiteElo "2435"]
[BlackElo "2074"]

1. e4 c5 2. Nf3 Nc6 3. d4 cxd4 4. Nxd4 Nf6 5. Nc3 e5 6. Ndb5 d6 7. Na3 a6 8.
Nc4 Bg4 9. f3 Be6 10. Ne3 Rc8 11. Ncd5 Be7 12. Bd3 O-O 13. O-O Re8 14. a4 Bf8
15. Bd2 Nh5 16. g3 g6 17. a5 Bg7 18. Nb6 Rb8 19. b4 Rf8 20. c3 Ne7 21. Ned5
Nxd5 22. exd5 Bd7 23. c4 Bh3 24. Re1 f5 25. Ra3 Qe7 26. Qc2 Qf7 27. c5 e4 28.
Bf1 Bxf1 29. Rxf1 Rbe8 30. fxe4 Rxe4 31. Qxe4 fxe4 32. Rxf7 Rxf7 33. c6 Rc7 34.
Be3 bxc6 35. dxc6 Rxc6 36. b5 Rc7 37. Nd5 1-0

[Event "11. Hogeschool Zeeland Tournament"]
[Site "Vlissingen NED"]
[Date "2007.08.09"]
[Round "7.32"]
[White "Reyniers, Pieter"]
[Black "Lacrosse, Marc"]
[Result "0-1"]
[PlyCount "62"]
[EventDate "2007.08.04"]
[EventType "swiss"]
[EventRounds "9"]
[EventCountry "NED"]
[Source "lmi"]
[SourceDate "2007.08.04"]
[WhiteElo "2023"]
[BlackElo "2301"]

1. e4 e5 2. Nf3 Nc6 3. Bb5 a6 4. Ba4 Nf6 5. d3 b5 6. Bb3 Bc5 7. c3 d6 8. Nbd2
O-O 9. O-O Bb6 10. h3 Be6 11. Bxe6 fxe6 12. Re1 Nh5 13. Nf1 Qf6 14. Be3 Nf4 15.
Bxb6 cxb6 16. Re3 d5 17. N3h2 h5 18. Rf3 dxe4 19. dxe4 Qg6 20. Ne3 Qxe4 21. Qb3
Rad8 22. Nhf1 Ne2+ 23. Kh2 Rxf3 24. gxf3 Qxf3 25. Qxe6+ Kh8 26. Qf5 Nf4 27. Rc1
Qxf2+ 28. Kh1 Qf3+ 29. Kh2 Ne7 30. Qg5 Qxh3+ 31. Kg1 Qxe3+ 0-1

[Event "11. Hogeschool Zeeland Tournament"]
[Site "Vlissingen NED"]
[Date "2007.08.09"]
[Round "7.33"]
[White "Michiels, Rob"]
[Black "Nijs, Nils"]
[Result "0-1"]
[PlyCount "64"]
[EventDate "2007.08.04"]
[EventType "swiss"]
[EventRounds "9"]
[EventCountry "NED"]
[Source "lmi"]
[SourceDate "2007.08.04"]
[WhiteElo "2226"]
[BlackElo "2065"]

1. d4 Nf6 2. c4 g6 3. Nc3 Bg7 4. e4 d6 5. f3 O-O 6. Be3 c6 7. Qd2 e5 8. d5 c5
9. g4 Ne8 10. Bd3 f5 11. gxf5 gxf5 12. Bg5 Bf6 13. h4 f4 14. O-O-O a6 15. Nh3
Bxh3 16. Rxh3 Nd7 17. Qg2 Kh8 18. Rg1 Rg8 19. Nd1 b5 20. Nf2 Qa5 21. Ng4 Bg7
22. Be7 Bf6 23. Bxf6+ Nexf6 24. Qf2 Nxg4 25. fxg4 Qxa2 26. Be2 Qa1+ 27. Kc2
Qa4+ 28. Kb1 bxc4 29. g5 c3 30. Rxc3 Qxe4+ 31. Bd3 Qd4 32. Qf1 e4 0-1

[Event "11. Hogeschool Zeeland Tournament"]
[Site "Vlissingen NED"]
[Date "2007.08.09"]
[Round "7.34"]
[White "Zilverberg, Jasper"]
[Black "Dek, Lennart"]
[Result "0-1"]
[PlyCount "66"]
[EventDate "2007.08.04"]
[EventType "swiss"]
[EventRounds "9"]
[EventCountry "NED"]
[Source "lmi"]
[SourceDate "2007.08.04"]
[WhiteElo "2022"]
[BlackElo "2207"]

1. e4 c5 2. c4 e6 3. Nc3 Nc6 4. Nge2 Nf6 5. d3 Be7 6. g3 d5 7. exd5 exd5 8. Bg5
Ne5 9. f4 Nf3+ 10. Kf2 Nxg5 11. fxg5 Ng4+ 12. Kg1 d4 13. Nd5 Bxg5 14. Nef4 O-O
15. h3 Ne5 16. Bg2 Ng6 17. Nxg6 hxg6 18. Kh2 Qd6 19. Qf3 Bf5 20. Rhe1 Rae8 21.
Re2 Rxe2 22. Qxe2 Bd7 23. Re1 Re8 24. Qf2 Re6 25. Rxe6 Qxe6 26. h4 Bh6 27. Nf4
Qe3 28. Qxe3 dxe3 29. Kg1 b6 30. Kf1 Bg4 31. Bh3 Bxf4 32. Bxg4 Bxg3 33. h5 gxh5
0-1

[Event "11. Hogeschool Zeeland Tournament"]
[Site "Vlissingen NED"]
[Date "2007.08.09"]
[Round "7.36"]
[White "Haak, Eelco"]
[Black "De Wit, Gerard"]
[Result "1/2-1/2"]
[PlyCount "40"]
[EventDate "2007.08.04"]
[EventType "swiss"]
[EventRounds "9"]
[EventCountry "NED"]
[Source "lmi"]
[SourceDate "2007.08.04"]
[WhiteElo "2182"]
[BlackElo "2003"]

1. d4 Nf6 2. Nf3 g6 3. c4 Bg7 4. Nc3 d5 5. Bg5 Ne4 6. h4 h6 7. Bf4 c5 8. e3
Nxc3 9. bxc3 O-O 10. Qb3 cxd4 11. exd4 dxc4 12. Bxc4 Nc6 13. Qc2 Bf5 14. Qd2 h5
15. Bh6 Rc8 16. O-O e5 17. Bxg7 Kxg7 18. d5 Na5 19. Bb3 f6 20. Rfd1 Qd6 1/2-1/2

[Event "11. Hogeschool Zeeland Tournament"]
[Site "Vlissingen NED"]
[Date "2007.08.09"]
[Round "7.37"]
[White "Go, Benjamin"]
[Black "Koes, Richard"]
[Result "1-0"]
[PlyCount "39"]
[EventDate "2007.08.04"]
[EventType "swiss"]
[EventRounds "9"]
[EventCountry "NED"]
[Source "lmi"]
[SourceDate "2007.08.04"]
[WhiteElo "2180"]
[BlackElo "2003"]

1. e4 e5 2. Nf3 Nc6 3. Nc3 Nf6 4. Nxe5 Nxe5 5. d4 Ng6 6. e5 Ng8 7. Bc4 d5 8.
Bxd5 c6 9. Bb3 Bb4 10. O-O N8e7 11. Ne4 Nf5 12. c3 Be7 13. g4 Nfh4 14. f4 O-O
15. f5 Nxe5 16. dxe5 Qb6+ 17. Kh1 h5 18. Qe1 hxg4 19. f6 g3 20. Qxg3 1-0

[Event "11. Hogeschool Zeeland Tournament"]
[Site "Vlissingen NED"]
[Date "2007.08.09"]
[Round "7.38"]
[White "Friesen, Boris"]
[Black "Westerweele, Henrik"]
[Result "1/2-1/2"]
[PlyCount "47"]
[EventDate "2007.08.04"]
[EventType "swiss"]
[EventRounds "9"]
[EventCountry "NED"]
[Source "lmi"]
[SourceDate "2007.08.04"]
[WhiteElo "2139"]
[BlackElo "2018"]

1. e4 e6 2. d4 d5 3. Nc3 Bb4 4. exd5 exd5 5. Bd3 Nc6 6. a3 Bd6 7. Nb5 Nge7 8.
Qh5 a6 9. Nxd6+ Qxd6 10. Ne2 g6 11. Qf3 Bf5 12. O-O O-O-O 13. Bf4 Qd7 14. Bg5
Bxd3 15. Qxd3 f5 16. Rfe1 Rde8 17. Nf4 h6 18. Bxe7 Nxe7 19. Ne6 Nc6 20. Nc5 Qf7
21. c3 Rxe1+ 22. Rxe1 Re8 23. Rb1 Qe7 24. Kf1 1/2-1/2